Guia dels serveis personals locals / continguts: Jordi Plana ; redacció: Jordi Plana, Alba Fraser Jordi Plana ; redacció:
ISBN:
84-7794-602-7
Publicado:
Barcelona :
Diputació de Barcelona. Patronat Flor de Maig. CIFA. Centre d'Investigació, Formació i Assessorament ,
1999
Descripción Física:
132 p., 51 fitxes, [36] p. ; en una llibreta d'anelles ; 34 cm
Otros Autores:
Fraser, Alba
MARC
| LEADER | 00000nam a2200000Ia 4500 | ||
|---|---|---|---|
| 001 | 12281 | ||
| 008 | 160829s1999 xx 000 0 cat d | ||
| 020 | |a 84-7794-602-7 | ||
| 080 | |a FOL-1-23 | ||
| 100 | |a Plana i Arrasa, Jordi |9 39651 | ||
| 245 | |a Guia dels serveis personals locals / continguts: |b Jordi Plana ; redacció: |b Jordi Plana, Alba Fraser | ||
| 260 | |a Barcelona : |b Diputació de Barcelona. Patronat Flor de Maig. CIFA. Centre d'Investigació, Formació i Assessorament, |c 1999 | ||
| 300 | |a 132 p., 51 fitxes, [36] p. ; |c en una llibreta d'anelles ; |c 34 cm | ||
| 650 | 0 | |a Municipis |x Govern i administració |9 22275 | |
| 651 | 0 | |a Catalunya |x Política social |9 55204 | |
| 700 | |a Fraser, Alba |9 39653 | ||
| 710 | 2 | |a Centre d'Investigació, Formació i Assessorament |9 53068 | |
| 901 | |a Arxiu | ||
| 942 | |n 1 |2 udc | ||
| 952 | |0 0 |1 0 |4 0 |6 FOL123 |7 1 |9 49137 |a Arxiu |b Arxiu |d 2016-12-01 |l 0 |o FOL-1-23 |p 12281 |r 2016-12-01 00:00:00 |w 2016-12-01 |y ARXIU | ||
| 999 | |c 52976 |d 52976 | ||